All India services: a study of ther orgin and growth (Record no. 375977)

000 -LEADER
fixed length control field 00402cam a22001337a 4500
008 - FIXED-LENGTH DATA ELEMENTS--GENERAL INFORMATION
fixed length control field 180718b1969 xxu||||| |||| 00| 0 eng d
082 ## - DEWEY DECIMAL CLASSIFICATION NUMBER
Classification number K12x54 T326
100 ## - MAIN ENTRY--PERSONAL NAME
Personal name Thakur, R. N.
245 ## - TITLE STATEMENT
Title All India services: a study of ther orgin and growth
Statement of responsibility, etc. by R. N. Thakur
260 ## - PUBLICATION, DISTRIBUTION, ETC.
Place of publication, distribution, etc. Patna
Name of publisher, distributor, etc. Bharati Bhawan
Date of publication, distribution, etc. 1969
300 ## - PHYSICAL DESCRIPTION
Extent 298p.
650 ## - SUBJECT ADDED ENTRY--TOPICAL TERM
Topical term or geographic name entry element Personnel management --India
650 ## - SUBJECT ADDED ENTRY--TOPICAL TERM
Topical term or geographic name entry element Civil service --India
Holdings
Withdrawn status Lost status Damaged status Not for loan Permanent Location Current Location Date acquired Full call number Barcode Date last seen Price effective from Koha item type
        Indian Institute of Public Administration Indian Institute of Public Administration 1899-12-30 K12x54 T326 43736 2018-07-21 2018-07-21 Book

Powered by Koha